| 000 | 01630nam a2200361 i 4500 | ||
|---|---|---|---|
| 001 | 195867 | ||
| 003 | SpMaBN | ||
| 005 | 20250323063049.0 | ||
| 008 | 240727s2016 sp a | ||||o010 0 spa | ||
| 017 |
_aM 12597-2016 _bOficina Depósito Legal Madrid |
||
| 020 | _a9788416599707 | ||
| 035 | _a(OCoLC)952991309 | ||
| 035 | _aa5810095 | ||
| 040 |
_aSpMaBN _bspa _cSpMaBN _erdc _dES-MaACL |
||
| 080 | _a929 Paso, Fernando del (083.824) | ||
| 245 | 0 | 0 |
_aDe paso por la vida : _bhomenaje a Fernando del Paso, Premio Cervantes / _c[Museo Luis González Robles, del 26 de abril al 17 de junio de 2016 comisariado, Jesús Cañete Ochoa, Paulina del Paso]. |
| 260 |
_a[Alcalá de Henares] : _bServicio de Publicaciones de la Universidad de Alcalá, _cimp. 2016. |
||
| 300 |
_a168 p. : _bprincipalmente il. col. y n. ; _c25 cm. |
||
| 336 |
_aImagen (fija ; bidimensional ; visual) _aTexto (visual) _2isbdcontent |
||
| 337 |
_asin mediación _2isbdmedia |
||
| 338 |
_2rdacarrier _avolumen |
||
| 600 | 0 | 4 |
_aPaso, Fernando del, _d1935-2018 _2embne _989422 |
| 655 | 7 |
_2tgfbne _9193628 _aCatálogos de exposiciones |
|
| 700 | 0 |
_aPaso, Fernando del, _d1935-2018 _989422 |
|
| 700 | 1 |
_aCañete Ochoa, Jesús, _d1967- _9157453 _eorm |
|
| 700 |
_aPaso, Paulina del _9237622 _eorm |
||
| 710 |
_aMuseo Luis González Robles _9237623 |
||
| 852 |
_aES-MaACL _bR.152119 _cDEPOJ _jN-8982 _hDonación: Editorial _xEncuadernación rústica con solapas _9204850 |
||
| 942 |
_cMONOGRAFIA _n0 |
||
| 999 |
_c195867 _d195867 |
||